Statistics for European Cities with the Letters Mixed Up

Click here to take the quiz!

General Stats

  • This quiz has been taken 67 times
  • The average score is 12 of 15

Answer Stats

HintAnswer% Correct
SlooOslo
98%
IekvKiev
95%
DolnonLondon
95%
SkimnMinsk
92%
MreoRome
92%
StinbualIstanbul
90%
RfutkanrfFrankfurt
88%
Pt. SrgbetseuSt. Petersburg
86%
HumcinMunich
81%
LaminMilan
78%
SpiraParis
78%
OwkrkaKrakow
76%
NniveaVienna
75%
LanoabrceBarcelona
68%
DelseLeeds
58%

Score Distribution

Percentile by Number Answered

Percent of People with Each Score

Your Score History

You have not taken this quiz